000 01268cam a22003134a 4500
001 11848474
003 NUST-PNEC
005 20170116180733.0
008 991123s2000 waua 001 0 eng
010 _a 99059499
020 _a1572319011
040 _cPNEC
042 _apcc
050 0 0 _b.M33454 2000
082 0 0 _a005.44769 MIC
_221
100 _91014
_aMicrosoft
245 0 0 _aMCSE training kit.
_pPNECMicrosoft Windows 2000 professional/
_cMicrosoft Corporation.
260 _aRedmond, WA :
_bMicrosoft Press,
_c2000.
300 _axliii, 703 p. :
_bill. ;
_c23 cm.
500 _aAlso issued in a 4 vol. container ed.
630 0 0 _aMicrosoft Windows (Computer file)
650 0 _aElectronic data processing personnel
_xCertification.
650 0 _aMicrosoft software
_xMIS
_vStudy guides.
710 2 _aMicrosoft Corporation.
856 4 2 _3Publisher description
_uhttp://www.amazon.com/Microsoft-Windows-2000-Requirements-70-210/dp/1572319011/ref=sr_1_1?ie=UTF8&qid=1416461151&sr=8-1&keywords=1572319011
906 _a7
_bcbc
_corignew
_d1
_eocip
_f19
_gy-gencatlg
942 _2ddc
_cBK
999 _c61864
_d61864